| 000 | 00709cam a2200241 i 4500 | ||
|---|---|---|---|
| 999 |
_c124646 _d124646 |
||
| 001 | 20522832 | ||
| 005 | 20211111105746.0 | ||
| 008 | 180531s2020 nyuab 001 0 eng | ||
| 020 | _a9781260570021 | ||
| 040 | _cPK-LaUMT | ||
| 082 | 0 | 0 |
_a579 _223 _bWIL-P |
| 100 | 1 | _aWilley, Joanne M. | |
| 245 | 1 | 0 |
_aPrescott's microbiology / _cby Joanne M. Willey, Kathleen M. Sandman, and Dorothy H. Wood |
| 250 | _a11th ed. | ||
| 260 |
_aNew York : _bMcGraw-Hill Education, _c2020 |
||
| 300 |
_axxiii, 976 p. : _bcolor illustrations, color map ; _c28 cm |
||
| 500 | _aIncludes index. | ||
| 650 | 0 | _aMicrobiology | |
| 650 | 0 | _aMetabolism | |
| 650 | 0 | _aGenetics | |
| 650 | 0 | _aApplied microbiology | |
| 942 | _cBK | ||